| 000 | 00433nam a22001577a 4500 | ||
|---|---|---|---|
| 003 | SGT | ||
| 020 | _a9781138387515 | ||
| 082 |
_a615.19 _bS22L |
||
| 100 | _aLEON, DARRYL,ed. | ||
| 245 | _aIN SILICO TECHNOLOGIES IN TARGET IDENTIFICATION AND VALIDATION | ||
| 260 |
_aLONDON _bTAYLOR & FRANCIS _c2022 |
||
| 300 | _a490 | ||
| 650 | _aPHARMACY | ||
| 653 | _a SILICO, TECHNOLOGIES, TARGET, IDENTIFICATION, VALIDATION | ||
| 942 |
_2ddc _cBK |
||
| 999 |
_c26985 _d26985 |
||